La economía y el arte de la controversia / (Record no. 66255)
[ view plain ]
| 000 -LEADER | |
|---|---|
| campo de control de longitud fija | 00631nam a2200193 i 4500 |
| 001 - NÚMERO DE CONTROL | |
| campo de control | 66255 |
| 003 - IDENTIFICADOR DE NÚMERO DE CONTROL | |
| campo de control | ES-MaACL |
| 007 - CAMPO FIJO DE DESCRIPCIÓN FÍSICA--INFORMACIÓN GENERAL | |
| campo de control de longitud fija | t| |
| 008 - DATOS DE LONGITUD FIJA--INFORMACIÓN GENERAL | |
| campo de control de longitud fija | 040129s1961 ve ||||1| spa d |
| 100 1# - ENTRADA PRINCIPAL--NOMBRE DE PERSONA | |
| Nombre de persona | Galbraith, John Kenneth. |
| 9 (RLIN) | 53345 |
| 245 13 - MENCIÓN DEL TÍTULO | |
| Título | La economía y el arte de la controversia / |
| Mención de responsabilidad, etc. | John Kenneth Galbraith ; [traducción por Carlos Grau Petit]. |
| 260 ## - PUBLICACIÓN, DISTRIBUCIÓN, ETC. | |
| Lugar de publicación, distribución, etc. | Caracas : |
| Nombre del editor, distribuidor, etc. | Ariel, |
| Fecha de publicación, distribución, etc. | [1961] |
| 300 ## - DESCRIPCIÓN FÍSICA | |
| Extensión | 134 p. ; |
| Dimensiones | 19 cm. |
| 490 1# - MENCIÓN DE SERIE | |
| Mención de serie | Biblioteca de ciencia política |
| 700 1# - ENTRADA AGREGADA--NOMBRE PERSONAL | |
| Nombre de persona | Grau Petit, Carlos. |
| 9 (RLIN) | 59758 |
| 830 0# - PUNTO DE ACCESO ADICIONAL DE SERIE-TÍTULO UNIFORME | |
| Título uniforme | Biblioteca de ciencia política |
| 9 (RLIN) | 186995 |
| 852 ## - LOCALIZACIÓN | |
| Ubicación | ES-MaACL |
| Número de control de estantería | E-6135 |
| Sublocalización o colección | R.90388 |
| Estatus retirado | Estado de pérdida | Estado de daño | No para préstamo | Biblioteca de origen | Biblioteca actual | Ubicación en estantería | Fecha de adquisición | Fuente de adquisición | Total de préstamos | Signatura topográfica completa | Código de barras | Visto por última vez | Precio de reemplazo | Tipo de ítem Koha |
|---|---|---|---|---|---|---|---|---|---|---|---|---|---|---|
| Biblioteca del Ateneo de Madrid | Biblioteca del Ateneo de Madrid | Depósito 2 | 17/01/2008 | E-6135 | 1069413 | 23/02/2023 | 23/02/2023 | Libro impreso |
